Renovačné metódy : Konferencia WELDING 90
Enregistré dans:
| Format: | Livre |
|---|---|
| Langue: | slovaque |
| Publié: |
Bratislava :
Dom techniky ČSVTS,
1990
|
| Édition: | 1.vyd. |
| Sujets: | |
| Tags: |
Pas de tags, Soyez le premier à ajouter un tag!
|
MARC
| LEADER | 00000nam a22000003a 4500 | ||
|---|---|---|---|
| 001 | stu41322 | ||
| 005 | 20150408180430.8 | ||
| 008 | 931119s1990----cs------------------slo-d | ||
| 040 | |a STU |b slo | ||
| 041 | 0 | |a slo | |
| 044 | |a cs | ||
| 080 | |a 621.791(082) | ||
| 245 | |a Renovačné metódy : |b Konferencia WELDING 90 | ||
| 250 | |a 1.vyd. | ||
| 260 | |a Bratislava : |b Dom techniky ČSVTS, |c 1990 | ||
| 300 | |a 85 s | ||
| 650 | 7 | |a zváranie |2 stusub | |
| 650 | 7 | |a metódy renovačné |2 stusub | |
| 650 | 7 | |a zborníky |2 stusub | |
| 996 | |b MZ 368 |c M*Z-368 |l MMKN |s A |a 24 |w stu41322_0001 | ||